| 000 | 00484nam a22001697a 4500 | ||
|---|---|---|---|
| 999 |
_c3216 _d3216 |
||
| 003 | OSt | ||
| 005 | 20181030130457.0 | ||
| 008 | 181030b ||||| |||| 00| 0 eng d | ||
| 020 | _a088368442X | ||
| 040 | _cDLC | ||
| 082 |
_aREF 248 _bM968U |
||
| 100 | _aMunroe, Myles | ||
| 245 |
_aUnderstanding The Purpose and Power Of Prayer: _bEarthly License For Heavenly Interference / _cBy Dr. Myles Munroe. |
||
| 260 |
_aUSA : _bWhitaker House, _c2002. |
||
| 300 | _a238 p.: | ||
| 942 |
_2ddc _cREF |
||